000 00329 a2200109 4500
020 _a8173192200
082 _a519.52 MUK
100 _aMukhopadhyay, Parimal
245 _aSmall Area Estimation in Survey Sampling
_cParimal Mukhopadhyay
260 _aLondon :
_bNarosa Publishing House,
_c1998
300 _axi, 230p. :
_bill. ;
_c21 cm
650 _aSurvey Sampling
999 _c934
_d934